Skeletons Lyrics-Travis Scott - Statistics

General Stats
  • This quiz has been taken 512 times
  • The average score is 99 of 144
Answer Stats
Hint Answer % Correct
I
96%
A
92%
The
92%
Do
86%
Her
85%
Sex
85%
Check
84%
We
84%
Out
82%
You
81%
Gave
80%
It
80%
Ocean
79%
In
78%
Like
77%
Neck
76%
Of
76%
Expect
75%
Was
75%
Take
74%
Girl
73%
Good
73%
If
73%
Visit
71%
Just
70%
Floating
69%
Next
69%
To
69%
Pearl
68%
She
68%
Titties
68%
Coachella
67%
Motion
67%
Necklace
67%
Your
67%
Checks
66%
First
66%
Half
66%
Slow
66%
Feels
65%
Know
64%
Standing
59%
Dont
58%
Were
58%
Need
56%
Rocked
56%
x3 Yeah
56%
At
51%
Respect
51%
World
51%
Be
50%
Church
50%
Mention
50%
Pass
50%
Loud
48%
Speed
48%
Cant
47%
Ima
47%
Took
47%
Naked
46%
Cause
44%
That
42%
Its
41%
Honorable
40%
x5 Higher
39%
Didnt
38%
Hectic
38%
Kleenex
29%
Towel
29%
Loved
27%
Time
25%
Afterwards
23%
x3 Echoing
21%
Sound
17%
No matching quizzes found
Score Distribution
Percent of People with Each Score
Percentile by Number Answered
Your Score History
You have not taken this quiz